[Event "XVI Festival Leonardo di Bona B"]
[Site "Cutro ITA"]
[Date "2010.04.30"]
[Round "5"]
[White "Macri', Pasquale"]
[Black "Virelli, Salvatore"]
[Result "1/2-1/2"]
[WhiteElo "1416"]
[BlackElo "1476"]
[PlyCount "45"]
[EventDate "2010.04.24"]

1. e4 c5 2. Nf3 d6 3. Nc3 e6 4. Bc4 a6 5. d4 cxd4 6. Qxd4 Nc6 7. Qe3 Be7 8. O-O
Nb4 9. Bb3 Bd7 10. a3 Nc6 11. Qf4 Nf6 12. Bc4 e5 13. Qd2 b5 14. Bb3 O-O 15. Re1
Bg4 16. Qd3 Bxf3 17. Qxf3 Nd4 18. Qd3 Ng4 19. h3 Nf6 20. Nd5 Nxb3 21. Qxb3 Rc8
22. Qg3 Nxd5 23. Bh6 1/2-1/2

[Event "XVI Festival Leonardo di Bona B"]
[Site "Cutro ITA"]
[Date "2010.04.30"]
[Round "5"]
[White "Manfredi, Candido"]
[Black "Policastrese, Salvatore"]
[Result "1-0"]
[WhiteElo "1704"]
[BlackElo "1452"]
[PlyCount "65"]
[EventDate "2010.04.24"]

1. e4 c5 2. Nf3 Nc6 3. d4 cxd4 4. Nxd4 Nf6 5. Nc3 a6 6. a3 d6 7. Nde2 e5 8. Ng3
Be7 9. h3 Bd7 10. Bd3 O-O 11. O-O b5 12. Nh5 Be6 13. Nxf6+ Bxf6 14. f4 exf4 15.
Bxf4 Bg5 16. Qf3 Bc4 17. Rad1 Bxf4 18. Qxf4 Be6 19. Rfe1 Qe7 20. Kh1 Rad8 21.
Qh4 g6 22. Ne2 Rfe8 23. Ng1 Kg7 24. Nf3 f6 25. b4 Ne5 26. Rf1 Nxd3 27. cxd3 Rc8
28. Nd2 Rf8 29. Nf3 Rc3 30. d4 Rxa3 31. e5 a5 32. Ng5 h6 33. Nxe6+ 1-0

[Event "XVI Festival Leonardo di Bona B"]
[Site "Cutro ITA"]
[Date "2010.04.30"]
[Round "5"]
[White "Mano, Vincenzo"]
[Black "Battistelli, Alessandro"]
[Result "1-0"]
[WhiteElo "1895"]
[BlackElo "1930"]
[PlyCount "85"]
[EventDate "2010.04.24"]

1. c4 Nf6 2. d4 e6 3. Nc3 Bb4 4. Bd2 b6 5. e3 Bb7 6. Nf3 d6 7. Be2 O-O 8. O-O
Nbd7 9. b3 Qe7 10. Qc2 Bxc3 11. Bxc3 Ne4 12. Bb2 f5 13. Rad1 a5 14. Rd3 Ng5 15.
Qd1 Be4 16. Rd2 Qf6 17. Ne1 Bb7 18. f3 Rae8 19. Nd3 Qh6 20. Nf4 Nf7 21. Rd3 g5
22. Nh3 e5 23. Nf2 Re7 24. d5 Bc8 25. Qc1 Rfe8 26. Qc3 Nf6 27. Bd1 Nd7 28. Rd2
e4 29. fxe4 Nc5 30. Bc2 Nxe4 31. Nxe4 Rxe4 32. Bxe4 Rxe4 33. Rdf2 Ne5 34. g3
Kf8 35. a3 Ke7 36. Rg2 Bd7 37. Qd2 Ng4 38. Bd4 Qh3 39. Qb2 Nxe3 40. Bxe3 Rxe3
41. Qg7+ Ke8 42. Qg8+ Ke7 43. Qxg5+ 1-0

[Event "XVI Festival Leonardo di Bona B"]
[Site "Cutro ITA"]
[Date "2010.04.30"]
[Round "5"]
[White "Paragliola, Gennaro"]
[Black "Camposano, Antonio"]
[Result "1-0"]
[WhiteElo "1600"]
[BlackElo "1371"]
[PlyCount "83"]
[EventDate "2010.04.24"]

1. d4 e6 2. c4 Nf6 3. Nc3 Bb4 4. Bg5 O-O 5. Nf3 Be7 6. e3 c6 7. Bd3 d5 8. c5
Nbd7 9. O-O Re8 10. Qc2 g6 11. b4 b6 12. Rab1 b5 13. a4 a6 14. axb5 axb5 15.
Ra1 Bb7 16. Ra2 Nh5 17. Bxe7 Qxe7 18. Rfa1 Nhf6 19. Rxa8 Rxa8 20. Rxa8+ Bxa8
21. Qa2 Qd8 22. h3 Bb7 23. Qa7 Qa8 24. Qa5 Qxa5 25. bxa5 Ne8 26. Na2 f6 27. Nb4
Nb8 28. Nd2 Nc7 29. e4 Nba6 30. Nxa6 Bxa6 31. exd5 exd5 32. Nb3 Ne6 33. g3 Bc8
34. f4 Nc7 35. g4 Ne6 36. f5 Nf4 37. Bf1 gxf5 38. gxf5 Nh5 39. Kf2 Ng7 40. Bd3
Ne8 41. Kf3 Nc7 42. Kf4 1-0

[Event "XVI Festival Leonardo di Bona B"]
[Site "Cutro ITA"]
[Date "2010.05.01"]
[Round "6"]
[White "Battistelli, Alessandro"]
[Black "Panarello, Giuseppe"]
[Result "1/2-1/2"]
[WhiteElo "1930"]
[BlackElo "1911"]
[PlyCount "82"]
[EventDate "2010.04.24"]

1. d4 Nf6 2. c4 e6 3. Nc3 b6 4. Bg5 Be7 5. Qc2 Bb7 6. e4 d6 7. O-O-O Nfd7 8.
Be3 Na6 9. a3 c5 10. d5 e5 11. Nge2 Nc7 12. Ng3 g6 13. Qd2 h5 14. Bd3 h4 15.
Nge2 g5 16. g3 Nf8 17. gxh4 gxh4 18. f4 f6 19. Rhg1 Qd7 20. fxe5 fxe5 21. Rg7
O-O-O 22. Rf1 Qe8 23. Bc2 Rh7 24. Rff7 Rxg7 25. Rxg7 Bf6 26. Rg4 Qh5 27. Rg2
Rd7 28. Bd1 Qh7 29. Ng1 Rg7 30. Bg4+ Kb8 31. h3 Bc8 32. Bxc8 Kxc8 33. Qf2 Rxg2
34. Qxg2 Qg8 35. Qg6 Nxg6 36. Kd1 Ne8 37. Ke2 Be7 38. Kf3 Nf6 39. Bg5 Kd7 40.
Nd1 Nxd5 41. Bxe7 Ngxe7 1/2-1/2

[Event "XVI Festival Leonardo di Bona B"]
[Site "Cutro ITA"]
[Date "2010.05.01"]
[Round "6"]
[White "Manfredi, Candido"]
[Black "Paragliola, Gennaro"]
[Result "1/2-1/2"]
[WhiteElo "1704"]
[BlackElo "1600"]
[PlyCount "80"]
[EventDate "2010.04.24"]

1. e4 d6 2. d4 g6 3. Bd3 Bg7 4. c3 Nf6 5. Ne2 O-O 6. O-O e5 7. h3 Nbd7 8. Bg5
Re8 9. f4 exd4 10. cxd4 c6 11. e5 dxe5 12. fxe5 Nxe5 13. dxe5 Rxe5 14. Bh4 Rd5
15. Nf4 Rd4 16. Qe2 Qd6 17. Bg3 Qd8 18. h4 Bg4 19. Qc2 Bh6 20. Be2 Bxe2 21.
Qxe2 Ne4 22. Bf2 Nxf2 23. Qxf2 Rxf4 24. Qe1 Rxf1+ 25. Kxf1 Qd3+ 26. Kg1 Qd4+
27. Kh1 Qxb2 28. Nc3 Bd2 29. Na4 Bxe1 30. Nxb2 Bc3 31. Rb1 Bxb2 32. Rxb2 b6 33.
g3 c5 34. Kg2 Rd8 35. Kf3 f6 36. a4 Rd4 37. a5 Rb4 38. Rd2 Rd4 39. Rb2 Rd3+ 40.
Kf4 Rd4+ 1/2-1/2

[Event "XVI Festival Leonardo di Bona B"]
[Site "Cutro ITA"]
[Date "2010.05.01"]
[Round "6"]
[White "Policastrese, Salvatore"]
[Black "Macri', Pasquale"]
[Result "1-0"]
[WhiteElo "1452"]
[BlackElo "1416"]
[PlyCount "101"]
[EventDate "2010.04.24"]

1. e4 e5 2. Nf3 f6 3. Nc3 Bc5 4. Bc4 Ne7 5. a3 c6 6. b4 Bd4 7. Nxd4 exd4 8. Ne2
d5 9. exd5 Nxd5 10. Bb2 Bg4 11. h3 Bh5 12. g4 b5 13. Bxd5 Qxd5 14. Rg1 Bg6 15.
Nxd4 Qe5+ 16. Qe2 Qxe2+ 17. Kxe2 O-O 18. Rge1 h5 19. d3 hxg4 20. hxg4 a5 21.
Kd2 axb4 22. axb4 Rxa1 23. Bxa1 f5 24. gxf5 Bxf5 25. Nxf5 Rxf5 26. Re8+ Rf8 27.
Rxf8+ Kxf8 28. Ke3 g5 29. Ke4 Na6 30. Bc3 Ke7 31. Kf5 Nc7 32. Kxg5 Nd5 33. Bd2
Ke6 34. f4 Nxf4 35. Kxf4 Kd5 36. Be3 Ke6 37. Ke4 Kd6 38. c4 bxc4 39. dxc4 Ke6
40. Kd4 Kd6 41. Bf4+ Ke6 42. b5 Kd7 43. bxc6+ Kxc6 44. c5 Kb5 45. Kd5 Ka6 46.
c6 Ka7 47. Kd6 Kb8 48. Kd7+ Ka8 49. c7 Kb7 50. c8=Q+ Ka7 51. Be3# 1-0

[Event "XVI Festival Leonardo di Bona B"]
[Site "Cutro ITA"]
[Date "2010.05.01"]
[Round "6"]
[White "Rizzuti, Pasquale"]
[Black "Catapano, Francesco"]
[Result "1-0"]
[WhiteElo "1821"]
[BlackElo "1736"]
[PlyCount "52"]
[EventDate "2010.04.24"]

1. d4 Nf6 2. c4 g6 3. Nc3 Bg7 4. e4 d6 5. f3 O-O 6. Be3 Nbd7 7. Qd2 c5 8. Nh3
cxd4 9. Bxd4 a6 10. Nf2 Ne5 11. Be2 Nc6 12. Be3 Rb8 13. g4 Ne5 14. g5 Ne8 15.
f4 Nc6 16. h4 e5 17. Nd5 Nd4 18. Bxd4 exd4 19. h5 Be6 20. hxg6 fxg6 21. O-O-O
Bxd5 22. exd5 Qe7 23. Rh3 Rf7 24. Bg4 Nc7 25. Re1 Qf8 26. Nd3 Rd8 1-0

[Event "XVI Festival Leonardo di Bona B"]
[Site "Cutro ITA"]
[Date "2010.05.01"]
[Round "6"]
[White "Scalise, Sandro"]
[Black "Mano, Vincenzo"]
[Result "0-1"]
[WhiteElo "1820"]
[BlackElo "1895"]
[PlyCount "112"]
[EventDate "2010.04.24"]

1. d4 e6 2. Nf3 d5 3. Bf4 Nf6 4. e3 Be7 5. Bd3 Nbd7 6. Nbd2 h6 7. O-O Bd6 8.
Bxd6 cxd6 9. c4 b6 10. e4 dxe4 11. Nxe4 Nxe4 12. Bxe4 Rb8 13. Rc1 Nf6 14. Bb1
Bb7 15. Re1 O-O 16. b4 Rc8 17. a4 Qd7 18. b5 Rc7 19. Re3 Rfc8 20. Nd2 Qd8 21.
g4 Nd5 22. Rg3 Qg5 23. Ne4 Qf4 24. Bd3 Ne7 25. f3 d5 26. Qd2 Qxd2 27. Nxd2 dxc4
28. Rxc4 Rxc4 29. Bxc4 Nd5 30. Kf2 Nc3 31. Bb3 Bd5 32. Bxd5 Nxd5 33. Rg1 Rc2
34. Ke1 Ra2 35. g5 Ra1+ 36. Kf2 Rxg1 37. Kxg1 hxg5 38. Ne4 f6 39. Kf2 Kf7 40.
Ke2 Kg6 41. Kd3 Kf5 42. Ng3+ Kf4 43. Nh5+ Kxf3 44. Nxg7 Nf4+ 45. Kc4 Ke4 46.
Ne8 f5 47. Nd6+ Kf3 48. Nc8 Kg2 49. Nxa7 Kxh2 50. Nc8 Nd5 51. a5 bxa5 52. Ne7
Nc7 53. b6 Na6 54. Kb5 Nb8 55. Nc6 Nd7 56. Ne5 Nxb6 0-1

[Event "XVI Festival Leonardo di Bona B"]
[Site "Cutro ITA"]
[Date "2010.05.01"]
[Round "6"]
[White "Scerra, Ezio"]
[Black "Grano, Giuseppe"]
[Result "0-1"]
[WhiteElo "1320"]
[BlackElo "1715"]
[PlyCount "41"]
[EventDate "2010.04.24"]

1. c4 e6 2. Nf3 Nf6 3. Nc3 g6 4. g3 Bg7 5. Bg2 O-O 6. O-O Nc6 7. d4 d5 8. Nxd5
Nxd5 9. e4 Nc3 10. bxc3 b6 11. e5 Bb7 12. Re1 Rb8 13. Bg5 Ne7 14. Qd2 Re8 15.
Bf6 h6 16. h4 Kh8 17. Ng5 hxg5 18. Bxb7 Rxb7 19. h5 Bxf6 20. exf6 Ng8 21. Qxg5
0-1

[Event "XVI Festival Leonardo di Bona B"]
[Site "Cutro ITA"]
[Date "2010.05.02"]
[Round "7"]
[White "Mano, Vincenzo"]
[Black "Manfredi, Candido"]
[Result "1/2-1/2"]
[WhiteElo "1895"]
[BlackElo "1704"]
[PlyCount "31"]
[EventDate "2010.04.24"]

1. e4 d6 2. e5 c5 3. c3 Bf5 4. d4 e6 5. Nf3 Nc6 6. Be2 Qb6 7. Qa4 Bxb1 8. Rxb1
Nge7 9. Be3 Nf5 10. O-O Nxe3 11. fxe3 a6 12. Ng5 Be7 13. Nxf7 Rf8 14. Nxd6+
Bxd6 15. exd6 Kd7 16. b4 1/2-1/2

[Event "XXI Festival A"]
[Site "Robecchetto con Induno ITA"]
[Date "2010.12.27"]
[Round "1"]
[White "Andreoli, Mark"]
[Black "Ubezio, Marco"]
[Result "0-1"]
[WhiteElo "1995"]
[BlackElo "2139"]
[PlyCount "90"]
[EventDate "2010.12.27"]

1. e4 e5 2. d4 exd4 3. c3 d5 4. exd5 Qxd5 5. cxd4 Nc6 6. Nf3 Bg4 7. Be2 Bb4+ 8.
Nc3 Bxf3 9. Bxf3 Qc4 10. Bxc6+ bxc6 11. Qe2+ Qxe2+ 12. Kxe2 O-O-O 13. Be3 Bxc3
14. bxc3 Nf6 15. Rab1 Ne4 16. Rb3 c5 17. dxc5 Rhe8 18. Rhb1 Kd7 19. Kf3 Kc6 20.
Ra3 Rd3 21. Ra6+ Kd7 22. c6+ Kd6 23. Rxa7 Rxe3+ 24. Kxe3 Nxc3+ 25. Kd2 Nxb1+
26. Kc2 Re1 27. Rb7 Na3+ 28. Kb3 Kxc6 29. Rb4 Nb5 30. Rf4 Nd6 31. Rg4 g6 32. h4
Re4 33. Rxe4 Nxe4 34. f3 Nf6 35. Kc4 Nd5 36. g4 h5 37. Kd4 Kd6 38. a4 c5+ 39.
Kd3 Ke5 40. a5 Nb4+ 41. Kc4 Kd6 42. gxh5 gxh5 43. f4 f5 44. Kb5 Kd5 45. a6 Nxa6
0-1

[Event "XXI Festival A"]
[Site "Robecchetto con Induno ITA"]
[Date "2010.12.27"]
[Round "1"]
[White "Barlocco, Carlo"]
[Black "Ranfagni, Stefano"]
[Result "1-0"]
[WhiteElo "2168"]
[BlackElo "2003"]
[PlyCount "53"]
[EventDate "2010.12.27"]

1. Nf3 d5 2. d4 e6 3. c4 f5 4. g3 Nf6 5. Bg2 Bd6 6. O-O c6 7. Bf4 O-O 8. Nbd2
Bxf4 9. gxf4 Ne4 10. e3 Nd7 11. Ne5 Nxe5 12. dxe5 b6 13. Nxe4 dxe4 14. Qa4 c5
15. Rfd1 Qe8 16. Qa3 Bb7 17. Rd6 Qe7 18. Rad1 Rfd8 19. b4 cxb4 20. Qxb4 Kf7 21.
c5 bxc5 22. Qxc5 Bd5 23. R1xd5 exd5 24. Qxd5+ Kf8 25. Bf1 Rac8 26. Bc4 Rxc4 27.
Rxd8+ 1-0

[Event "XXI Festival A"]
[Site "Robecchetto con Induno ITA"]
[Date "2010.12.27"]
[Round "1"]
[White "Bianchi, Alberto"]
[Black "Angelini, Marco"]
[Result "0-1"]
[WhiteElo "2049"]
[BlackElo "2189"]
[PlyCount "92"]
[EventDate "2010.12.27"]

1. e4 c5 2. Nf3 d6 3. d4 cxd4 4. Nxd4 Nf6 5. Nc3 a6 6. Be3 e6 7. a3 b5 8. g4
Nbd7 9. Bg2 Bb7 10. O-O Nb6 11. b3 Nbd7 12. Nce2 d5 13. Ng3 Be7 14. f4 dxe4 15.
Nxe4 Nd5 16. Qc1 O-O 17. Bf2 Qc7 18. Ne2 N5f6 19. Nxf6+ Bxf6 20. Bxb7 Qxb7 21.
Rb1 Qf3 22. Qd1 Qxg4+ 23. Ng3 Qxd1 24. Rfxd1 Rfd8 25. c4 bxc4 26. bxc4 e5 27.
f5 g6 28. Rb7 Nf8 29. Rxd8 Bxd8 30. c5 Rc8 31. Ne4 gxf5 32. Nd6 Rc7 33. Rb8 Be7
34. Ra8 Rc6 35. Nxf5 Bxc5 36. Bxc5 Rxc5 37. Rxa6 e4 38. Ne3 Kg7 39. Ra7 Kg6 40.
h4 Kg7 41. a4 Ng6 42. h5 Rxh5 43. a5 Rc5 44. a6 Ne5 45. Rb7 Ra5 46. Rb6 f6 0-1

[Event "XXI Festival A"]
[Site "Robecchetto con Induno ITA"]
[Date "2010.12.27"]
[Round "1"]
[White "Burlando, Alessandro"]
[Black "Attuati, Stefano"]
[Result "1-0"]
[WhiteElo "2132"]
[BlackElo "1987"]
[PlyCount "61"]
[EventDate "2010.12.27"]

1. d4 e6 2. c4 f5 3. g3 Nf6 4. Bg2 d5 5. Nf3 c6 6. O-O Bd6 7. b3 Qe7 8. Bb2 O-O
9. Ne5 Bd7 10. e3 Be8 11. Nc3 Nbd7 12. Nd3 Bh5 13. Qc2 Rac8 14. Rae1 dxc4 15.
bxc4 e5 16. c5 Bc7 17. Qb3+ Kh8 18. Qxb7 e4 19. Nb4 Rb8 20. Qxc7 Rxb4 21. Ba3
Rc4 22. Rc1 Rxc3 23. Rxc3 Nd5 24. Qa5 Nxc3 25. Qxc3 Nf6 26. Rb1 Bf7 27. Rb2 Qc7
28. Bb4 Nd5 29. Ba5 Nxc3 30. Bxc7 Bxa2 31. Ba5 1-0

[Event "XXI Festival A"]
[Site "Robecchetto con Induno ITA"]
[Date "2010.12.27"]
[Round "1"]
[White "Cereda, Loris"]
[Black "Raselli, Claudio"]
[Result "1-0"]
[WhiteElo "2091"]
[BlackElo "1954"]
[PlyCount "51"]
[EventDate "2010.12.27"]

1. e4 c5 2. Nc3 Nc6 3. f4 g6 4. Nf3 Bg7 5. Bb5 Nd4 6. Bc4 e6 7. e5 Nxf3+ 8.
Qxf3 d5 9. exd6 Qxd6 10. Ne4 Qc7 11. Bb5+ Ke7 12. O-O a6 13. Be2 Nf6 14. d3 Bd7
15. c3 Bc6 16. Qe3 b6 17. Bf3 Rhd8 18. f5 Nxe4 19. Bxe4 Bxe4 20. Qxe4 Qd7 21.
fxe6 Qxe6 22. Bg5+ f6 23. Qb7+ Kf8 24. Rae1 Qd6 25. Bf4 Qxd3 26. Re7 1-0

[Event "XXI Festival A"]
[Site "Robecchetto con Induno ITA"]
[Date "2010.12.27"]
[Round "1"]
[White "Cornaggia, Ranieri"]
[Black "Aranovitch, Emiliano"]
[Result "1/2-1/2"]
[WhiteElo "2055"]
[BlackElo "2335"]
[PlyCount "38"]
[EventDate "2010.12.27"]

1. e4 c5 2. Nf3 d6 3. d4 cxd4 4. Nxd4 Nf6 5. Nc3 Nc6 6. Be3 e5 7. Nb3 Be7 8. f3
Be6 9. Qd2 d5 10. exd5 Nxd5 11. Nxd5 Qxd5 12. O-O-O Qxd2+ 13. Rxd2 b6 14. Bb5
Rc8 15. f4 exf4 16. Bxf4 O-O 17. Re1 Bf6 18. Kb1 Bxb3 19. axb3 Nd4 1/2-1/2

[Event "XXI Festival A"]
[Site "Robecchetto con Induno ITA"]
[Date "2010.12.27"]
[Round "1"]
[White "Di Chiara, Mauro"]
[Black "Mazzariol, Oscar"]
[Result "0-1"]
[WhiteElo "1945"]
[BlackElo "2089"]
[PlyCount "52"]
[EventDate "2010.12.27"]

1. d4 Nf6 2. Nf3 e6 3. c4 Nc6 4. Nc3 Bb4 5. Qc2 d6 6. e4 Bxc3+ 7. bxc3 e5 8.
Be2 O-O 9. h3 Re8 10. d5 Ne7 11. Be3 b6 12. O-O Ng6 13. Ne1 a5 14. Bg5 h6 15.
Bxf6 Qxf6 16. Qd1 Nf4 17. Bg4 Ba6 18. Bd7 Bxc4 19. Bxe8 Rxe8 20. Nc2 Be2 21.
Qd2 Qg5 22. Ne3 Nxg2 23. Kh2 Qf4+ 24. Kg1 Nh4 25. Qxe2 Nf3+ 26. Kg2 Qh2+ 0-1

[Event "XXI Festival A"]
[Site "Robecchetto con Induno ITA"]
[Date "2010.12.27"]
[Round "1"]
[White "Formento, Paolo"]
[Black "Temi, Walter"]
[Result "1-0"]
[WhiteElo "1976"]
[BlackElo "2100"]
[PlyCount "25"]
[EventDate "2010.12.27"]

1. e4 b6 2. d4 Bb7 3. Nc3 e6 4. Bd3 Nf6 5. Nge2 d5 6. e5 Ng8 7. Ng3 Nc6 8. Nce2
Qh4 9. O-O O-O-O 10. c3 f6 11. Nf4 fxe5 12. Nxe6 e4 13. Bg5 1-0

[Event "XXI Festival A"]
[Site "Robecchetto con Induno ITA"]
[Date "2010.12.27"]
[Round "1"]
[White "Giretti Kanev, Jasen"]
[Black "Sola, Giuseppe"]
[Result "0-1"]
[WhiteElo "2185"]
[BlackElo "2019"]
[PlyCount "98"]
[EventDate "2010.12.27"]

1. Nf3 d5 2. c4 e6 3. e3 Nf6 4. b3 Be7 5. Bb2 O-O 6. Be2 c5 7. O-O Nc6 8. d4
cxd4 9. Nxd4 Nxd4 10. Bxd4 dxc4 11. Bxc4 Bd7 12. Nd2 Bc6 13. Nf3 Qa5 14. Ne5
Bd5 15. f3 Bc5 16. Rc1 Rfd8 17. Qe1 Bb4 18. Qh4 Bc5 19. b4 Bxb4 20. Nxf7 Kxf7
21. Bxf6 Rdc8 22. Ba1 Be7 23. Qh5+ Kg8 24. Qg4 Bf8 25. Rfd1 Bxc4 26. Rxc4 Qf5
27. Qd4 Rd8 28. Qxd8 Rxd8 29. Rxd8 Qb1+ 30. Kf2 Qxa1 31. Rcc8 Qxa2+ 32. Ke1 Qa3
33. Kd2 Kf7 34. e4 Bb4+ 35. Kc2 Qa2+ 36. Kd3 Qxg2 37. Kc4 a5 38. Rd7+ Kf6 39.
Rcc7 Qe2+ 40. Kb3 Qxf3+ 41. Ka4 Qxe4 42. Rxb7 Qc2+ 43. Kb5 Qxh2 44. Rxg7 h5 45.
Rbf7+ Ke5 46. Rh7 Qe2+ 47. Ka4 Qc4 48. Rb7 Bd2+ 49. Ka3 Bc1+ 0-1

[Event "XXI Festival A"]
[Site "Robecchetto con Induno ITA"]
[Date "2010.12.27"]
[Round "1"]
[White "Gonella, Daniele"]
[Black "Berni, Fabrizio"]
[Result "1/2-1/2"]
[WhiteElo "2003"]
[BlackElo "2170"]
[PlyCount "33"]
[EventDate "2010.12.27"]

1. e4 c5 2. c3 d5 3. exd5 Qxd5 4. d4 e6 5. Nf3 Nf6 6. Be3 cxd4 7. cxd4 Be7 8.
Ne5 O-O 9. Nc3 Bb4 10. a3 Bxc3+ 11. bxc3 Nc6 12. Nxc6 bxc6 13. c4 Qa5+ 14. Qd2
Qxd2+ 15. Kxd2 Ne4+ 16. Kc2 Ba6 17. Bd3 1/2-1/2

[Event "XXI Festival A"]
[Site "Robecchetto con Induno ITA"]
[Date "2010.12.27"]
[Round "1"]
[White "Okhotnik, Vladimir"]
[Black "Guidi, Maurizio"]
[Result "1-0"]
[WhiteElo "2428"]
[BlackElo "2068"]
[PlyCount "89"]
[EventDate "2010.12.27"]

1. e4 g6 2. d4 Bg7 3. Nc3 d6 4. Nf3 Nd7 5. Be2 a6 6. a4 b6 7. O-O e6 8. Re1 Ne7
9. Bf1 O-O 10. Be3 h6 11. Qd2 Kh7 12. h3 Bb7 13. a5 b5 14. b4 Nf6 15. Bf4 Qd7
16. Rad1 Rfd8 17. Qc1 Rac8 18. Qa3 Qe8 19. Bh2 c5 20. dxc5 dxc5 21. Rxd8 Qxd8
22. bxc5 Nc6 23. e5 Nd5 24. Ne4 Qxa5 25. Qxa5 Nxa5 26. Ra1 Nc4 27. Bxc4 bxc4
28. Nd6 Rc7 29. Nd4 Bf8 30. Kf1 Nc3 31. f3 g5 32. Ke1 Kg6 33. Ra5 Nd5 34. Ra4
Ne3 35. g4 Bd5 36. Rxa6 Rxc5 37. Bg1 Ng2+ 38. Kf1 Nh4 39. Nxe6 fxe6 40. Bxc5
Nxf3 41. Ne4 Bg7 42. Nc3 Nd2+ 43. Ke2 Ne4 44. Nxe4 Bxe4 45. Rxe6+ 1-0

[Event "XXI Festival A"]
[Site "Robecchetto con Induno ITA"]
[Date "2010.12.27"]
[Round "1"]
[White "Rambaldi, Francesco"]
[Black "Cardani, Roberto"]
[Result "1-0"]
[WhiteElo "2084"]
[BlackElo "1933"]
[PlyCount "43"]
[EventDate "2010.12.27"]

1. e4 c5 2. Nf3 d6 3. d4 cxd4 4. Qxd4 Nc6 5. Bb5 Bd7 6. Bxc6 Bxc6 7. Nc3 Nf6 8.
Bg5 e6 9. O-O-O Be7 10. Rhe1 O-O 11. Kb1 Qa5 12. Qd2 Qa6 13. Nd4 Rfc8 14. f4 b5
15. Qd3 Rab8 16. e5 dxe5 17. fxe5 Nd5 18. Nxd5 Bxg5 19. Nb4 Qb7 20. Nbxc6 Rxc6
21. Nxc6 Qxc6 22. Qd6 1-0

[Event "XXI Festival A"]
[Site "Robecchetto con Induno ITA"]
[Date "2010.12.27"]
[Round "1"]
[White "Siclari, Giovanni"]
[Black "Bemporad, Filippo"]
[Result "1/2-1/2"]
[WhiteElo "1926"]
[BlackElo "2068"]
[PlyCount "66"]
[EventDate "2010.12.27"]

1. f4 d5 2. Nf3 g6 3. g3 Bg7 4. Bg2 Nf6 5. O-O O-O 6. d3 b6 7. c3 Bb7 8. Na3 c5
9. Qe1 Nbd7 10. Nh4 e6 11. e4 Kh8 12. e5 Ng8 13. Nb5 Qe7 14. Nd6 Bc6 15. Nf3 f6
16. d4 Nh6 17. h3 f5 18. Ng5 Bf6 19. exf6 Qxd6 20. Qxe6 Qxe6 21. Nxe6 Rxf6 22.
Ng5 Re8 23. Bd2 Re2 24. Rf2 Re8 25. Re1 Rxe1+ 26. Bxe1 Nf7 27. Nxf7+ Rxf7 28.
Re2 c4 29. Re6 Bb7 30. b3 b5 31. bxc4 bxc4 32. Bd2 Kg7 33. Bc1 Rf6 1/2-1/2

[Event "XXI Festival A"]
[Site "Robecchetto con Induno ITA"]
[Date "2010.12.28"]
[Round "2"]
[White "Angelini, Marco"]
[Black "Rambaldi, Francesco"]
[Result "1/2-1/2"]
[WhiteElo "2189"]
[BlackElo "2084"]
[PlyCount "41"]
[EventDate "2010.12.27"]

1. e4 c5 2. Nf3 d6 3. d4 Nf6 4. Nc3 cxd4 5. Nxd4 a6 6. Be3 e5 7. Nf3 Be7 8. Bc4
O-O 9. h3 Be6 10. Bb3 Nc6 11. O-O b5 12. Bg5 Nd7 13. Bxe7 Qxe7 14. Qd2 Nb6 15.
Nd5 Bxd5 16. Bxd5 Rac8 17. Rfc1 Qd7 18. Bb3 Ne7 19. Rd1 Rfd8 20. Qe3 Qc7 21.
Rd2 1/2-1/2

[Event "XXI Festival A"]
[Site "Robecchetto con Induno ITA"]
[Date "2010.12.28"]
[Round "2"]
[White "Attuati, Stefano"]
[Black "Giretti Kanev, Jasen"]
[Result "0-1"]
[WhiteElo "1987"]
[BlackElo "2185"]
[PlyCount "42"]
[EventDate "2010.12.27"]

1. e4 e6 2. d4 d5 3. Nc3 dxe4 4. Nxe4 Nf6 5. Bg5 Be7 6. Bxf6 gxf6 7. Bd3 Nd7 8.
Ne2 f5 9. N4g3 Nf6 10. Qd2 Bd7 11. c4 Rg8 12. d5 exd5 13. Bxf5 dxc4 14. O-O-O
Bxf5 15. Qh6 Bd3 16. Nf4 Ng4 17. Qh5 Rg5 18. Qh4 Qd4 19. Nxd3 cxd3 20. Qxh7
Rc5+ 21. Kb1 Rc2 0-1

[Event "XXI Festival A"]
[Site "Robecchetto con Induno ITA"]
[Date "2010.12.28"]
[Round "2"]
[White "Bemporad, Filippo"]
[Black "Cornaggia, Ranieri"]
[Result "1/2-1/2"]
[WhiteElo "2068"]
[BlackElo "2055"]
[PlyCount "118"]
[EventDate "2010.12.27"]

1. d4 Nf6 2. Nf3 e6 3. g3 c5 4. c4 Be7 5. Bg2 O-O 6. O-O a6 7. Nc3 cxd4 8. Nxd4
d6 9. b3 Qc7 10. Bb2 Nbd7 11. e4 Rb8 12. Qe2 b6 13. Rac1 Bb7 14. Kh1 Qc5 15.
Na4 Qh5 16. Qxh5 Nxh5 17. Rfd1 Nc5 18. Nc3 Nf6 19. f3 Rfd8 20. Kg1 Bf8 21. Nde2
a5 22. Nb5 d5 23. exd5 exd5 24. Be5 Rbc8 25. Nf4 dxc4 26. bxc4 Ne6 27. Nxe6
fxe6 28. Bd6 Ba6 29. Bxf8 Kxf8 30. Bf1 Ke7 31. Rxd8 Rxd8 32. Rc2 Rc8 33. Rd2
Nd7 34. f4 Nc5 35. Na7 Rc7 36. Nb5 Rc8 37. Na7 Rc7 38. Nb5 Bxb5 39. cxb5 Rd7
40. Rxd7+ Nxd7 41. Kf2 Kd6 42. Ke3 e5 43. f5 Nf6 44. a3 Kc5 45. h3 a4 46. g4 h6
47. Be2 Nd5+ 48. Ke4 Kd6 49. Bd3 Nc3+ 50. Ke3 Kd5 51. h4 e4 52. Bf1 Ke5 53. Bg2
Nxb5 54. Bxe4 Nxa3 55. Bd3 b5 56. g5 hxg5 57. hxg5 b4 58. Kd2 b3 59. Kc3 Nb5+
1/2-1/2

[Event "XXI Festival A"]
[Site "Robecchetto con Induno ITA"]
[Date "2010.12.28"]
[Round "2"]
[White "Berni, Fabrizio"]
[Black "Siclari, Giovanni"]
[Result "1-0"]
[WhiteElo "2170"]
[BlackElo "1926"]
[PlyCount "93"]
[EventDate "2010.12.27"]

1. e4 c5 2. Nc3 d6 3. f4 e6 4. Nf3 Nc6 5. Bc4 a6 6. d3 g6 7. O-O Bg7 8. Qe1
Nge7 9. f5 Nd4 10. Nxd4 cxd4 11. f6 Bxf6 12. Rxf6 dxc3 13. Qxc3 d5 14. Rf1 d4
15. Qe1 f5 16. exf5 Nxf5 17. Bxe6 Bxe6 18. Qxe6+ Qe7 19. Qxe7+ Kxe7 20. g4 Nd6
21. Bg5+ Kd7 22. Rae1 Rhe8 23. Rxe8 Rxe8 24. Bf6 Re2 25. Rf2 Re1+ 26. Rf1 Re2
27. Rf2 Re1+ 28. Kg2 Ra1 29. a3 Nb5 30. Bg7 Ke6 31. Rf8 Ra2 32. Rb8 Kd5 33. Kf3
Nc7 34. Ke2 Ne6 35. c4+ Kc5 36. Bf6 b5 37. Be7+ Kc6 38. Kd2 bxc4 39. dxc4 Nc5
40. Bxc5 Kxc5 41. Kd3 g5 42. h3 h6 43. b4+ Kc6 44. Ra8 Rf2 45. Kxd4 Rf4+ 46.
Kc3 Rf3+ 47. Kc2 1-0

[Event "XXI Festival A"]
[Site "Robecchetto con Induno ITA"]
[Date "2010.12.28"]
[Round "2"]
[White "Cardani, Roberto"]
[Black "Bianchi, Alberto"]
[Result "1-0"]
[WhiteElo "1933"]
[BlackElo "2049"]
[PlyCount "99"]
[EventDate "2010.12.27"]

1. e4 e5 2. Nf3 Nc6 3. Bb5 a6 4. Ba4 Nf6 5. O-O Nxe4 6. d4 b5 7. Bb3 d5 8. dxe5
Be6 9. Nbd2 Nc5 10. c3 Qd7 11. Bc2 Bg4 12. Re1 Ne6 13. Nb3 Be7 14. Qd3 Bh5 15.
Nbd4 Bg6 16. Qe2 Bxc2 17. Qxc2 Ncxd4 18. Nxd4 c5 19. Nf5 O-O 20. Nxe7+ Qxe7 21.
f4 f5 22. g3 Rad8 23. Be3 d4 24. cxd4 cxd4 25. Bf2 Rc8 26. Qb3 Rc4 27. a4 Nc5
28. Qa2 Qe6 29. axb5 axb5 30. Red1 Ra4 31. Qxe6+ Nxe6 32. Rxa4 bxa4 33. Rd2 g5
34. fxg5 Nxg5 35. Kg2 Ne4 36. Rxd4 Rb8 37. Kf3 Rxb2 38. Be3 a3 39. e6 Kf8 40.
Rd7 Rb3 41. Kf4 a2 42. Ra7 Rb7 43. Rxa2 Ke7 44. Ra6 Rb4 45. Kf3 h5 46. Bc1 Nc5
47. Bg5+ Kf8 48. e7+ Kf7 49. Rf6+ Kxe7 50. Rb6+ 1-0